[Event "Eschborn op"]
[Site "Eschborn"]
[Date "2019.08.18"]
[Round "4.3"]
[White "Diehm, Alexander"]
[Black "Yakovenko, Oleg"]
[Result "0-1"]
[WhiteElo "1966"]
[BlackElo "2167"]
[PlyCount "48"]
[EventDate "2019.08.16"]
[EventType "swiss"]
[EventRounds "5"]
[EventCountry "GER"]
[SourceTitle "EXT 2024"]
[Source "ChessBase"]
[SourceDate "2023.10.10"]
[SourceVersion "1"]
[SourceVersionDate "2023.10.10"]
[SourceQuality "1"]

1. d4 Nf6 2. Nf3 e6 3. e3 c5 4. c3 d5 5. Bd3 Nc6 6. 0-0 Bd6 7. Nbd2 0-0 8. e4 cxd4 9. Nxd4 Nxd4 10. cxd4 dxe4 11. Nxe4 Nxe4 12. Bxe4 Bxh2+ 13. Kxh2 Qh4+ 14. Kg1 Qxe4 15. Re1 Qd5 16. Re5 Qd6 17. Be3 Bd7 18. Rh5 f5 19. Qb3 Bc6 20. Bd2 Rf6 21. Re1 Qxd4 22. Rxe6 Bd5 23. Bc3 Bxb3 24. Bxd4 Bxe6 0-1

[Event "Heusenstamm Sparkassen op-A 5th"]
[Site "Heusenstamm"]
[Date "2018.11.22"]
[Round "1"]
[White "Enchev, Ivajlo"]
[Black "Diehm, Alexander"]
[Result "1-0"]
[WhiteElo "2496"]
[BlackElo "1995"]
[PlyCount "69"]
[EventDate "2018.11.22"]
[EventType "swiss"]
[EventRounds "7"]
[EventCountry "GER"]
[SourceTitle "CBM 188 Extra"]
[Source "ChessBase"]
[SourceDate "2019.02.28"]
[SourceVersion "1"]
[SourceVersionDate "2019.02.28"]
[SourceQuality "1"]

1. e4 c5 2. Nf3 d6 3. Bc4 e6 4. 0-0 Nc6 5. Re1 g6 6. d4 cxd4 7. Nxd4 Ne5 8. Bb3 a6 9. f4 Nd7 10. Nc3 Nc5 11. Be3 Nf6 12. f5 gxf5 13. exf5 Nxb3 14. axb3 e5 15. Bg5 Be7 16. Bxf6 Bxf6 17. Nd5 Bg5 18. Qh5 0-0 19. Nf3 Bf6 20. Nd2 Bg7 21. Ra4 f6 22. Rh4 h6 23. Rg4 Rf7 24. Ne4 Kf8 25. Re3 Qa5 26. c4 Qa1+ 27. Kf2 Qxb2+ 28. Kg3 Bd7 29. Nxd6 Be8 30. Qg6 Rd7 31. Nxe8 Rxe8 32. Nxf6 Rf7 33. Nxe8 Kxe8 34. Qe6+ Kf8 35. Rd3 1-0

[Event "Prague Holiday M11"]
[Site "Prague"]
[Date "2015.07.23"]
[Round "8"]
[White "Diehm, Alexander"]
[Black "Heinz Leisenheimer, Matthias"]
[Result "1-0"]
[WhiteElo "2050"]
[BlackElo "2091"]
[PlyCount "51"]
[EventDate "2015.07.19"]
[EventType "tourn"]
[EventRounds "9"]
[EventCountry "CZE"]
[SourceTitle "EXT 2017"]
[Source "ChessBase"]
[SourceDate "2016.10.25"]
[SourceVersion "1"]
[SourceVersionDate "2016.10.25"]
[SourceQuality "1"]

1. d4 d5 2. c4 c6 3. Nc3 Nf6 4. Nf3 e6 5. Bg5 dxc4 6. a4 Nbd7 7. e4 Qa5 8. Bd2 Bb4 9. Bxc4 0-0 10. 0-0 Rd8 11. e5 Nd5 12. Qc2 Nf8 13. Bd3 Bd7 14. Ng5 f5 15. exf6 Nxf6 16. Rae1 c5 17. Re5 Bxc3 18. Bxc3 Qxa4 19. b3 Qc6 20. dxc5 h6 21. Ne4 Ng4 22. Rh5 Qc7 23. Qe2 e5 24. Rh4 Bf5 25. Bc4+ Kh8 26. Rxg4 1-0

[Event "Prague Holiday M11"]
[Site "Prague"]
[Date "2015.07.19"]
[Round "3"]
[White "Nilsson, Patrik"]
[Black "Diehm, Alexander"]
[Result "1-0"]
[WhiteElo "2126"]
[BlackElo "2050"]
[PlyCount "96"]
[EventDate "2015.07.19"]
[EventType "tourn"]
[EventRounds "9"]
[EventCountry "CZE"]
[SourceTitle "EXT 2017"]
[Source "ChessBase"]
[SourceDate "2016.10.25"]
[SourceVersion "1"]
[SourceVersionDate "2016.10.25"]
[SourceQuality "1"]

1. e4 c5 2. c3 e5 3. Nf3 Nc6 4. Bc4 Be7 5. 0-0 Nf6 6. Re1 0-0 7. Qc2 a6 8. a4 d6 9. h3 Na5 10. d3 Nxc4 11. dxc4 Be6 12. Na3 Nd7 13. Qd3 Rb8 14. Nc2 f5 15. Ne3 fxe4 16. Qxe4 Rf4 17. Qc2 Bxh3 18. gxh3 Rxf3 19. Nd5 Rf7 20. Nxe7+ Qxe7 21. Qe4 Rbf8 22. Be3 Nf6 23. Qh4 Qe6 24. Rad1 Ne8 25. Kg2 Rf6 26. Rg1 Qf5 27. Rd2 Rg6+ 28. Kh2 Rxg1 29. Kxg1 Rf6 30. Kh2 Qf3 31. Qg4 Qc6 32. Qg2 Qxa4 33. Qxb7 Qxc4 34. Qc8 Rf8 35. Qc6 h6 36. b4 Qxc3 37. bxc5 a5 38. Qd5+ Kh8 39. cxd6 Nf6 40. Qd3 Qc6 41. Rc2 Qa4 42. Qg6 Qe8 43. Qd3 Qe6 44. Rc7 Nd5 45. Rc5 Nxe3 46. Qxe3 Qxd6 47. Rxa5 e4+ 48. Kg2 Qe6 1-0

[Event "Staufer op-A 27th"]
[Site "Schwaebisch Gmuend"]
[Date "2015.01.03"]
[Round "3"]
[White "Diehm, Alexander"]
[Black "Dgebuadze, Alexandre"]
[Result "0-1"]
[WhiteElo "2059"]
[BlackElo "2476"]
[PlyCount "60"]
[EventDate "2015.01.02"]
[EventType "swiss"]
[EventRounds "9"]
[EventCountry "GER"]
[SourceTitle "CBM 164 Extra"]
[Source "ChessBase"]
[SourceDate "2015.03.02"]
[SourceVersion "1"]
[SourceVersionDate "2015.03.02"]
[SourceQuality "1"]

1. d4 e6 2. Nd2 Nf6 3. e3 b6 4. Bd3 Bb7 5. Ngf3 g6 6. e4 d6 7. Qe2 Nbd7 8. c3 Bg7 9. Nc4 0-0 10. Bg5 Qc8 11. 0-0 d5 12. Ncd2 dxe4 13. Nxe4 Nxe4 14. Bxe4 c5 15. Rfd1 Re8 16. Ne5 Bxe4 17. Nxd7 Qxd7 18. Qxe4 cxd4 19. cxd4 Qb5 20. Qh4 Qxb2 21. Bf6 Bxf6 22. Qxf6 Rad8 23. h4 Rd5 24. g4 Qe2 25. f3 Qe3+ 26. Kh1 Rc8 27. Re1 Qxd4 28. Rxe6 fxe6 29. Qxe6+ Kg7 30. Qe7+ Kh8 0-1

[Event "Karl Mala Memorial op-A 17th"]
[Site "Frankfurt"]
[Date "2014.08.02"]
[Round "4"]
[White "Henrich, Thomas"]
[Black "Diehm, Alexander"]
[Result "1/2-1/2"]
[WhiteElo "2254"]
[BlackElo "2057"]
[PlyCount "138"]
[EventDate "2014.07.31"]
[EventType "swiss"]
[EventRounds "7"]
[EventCountry "GER"]
[SourceTitle "EXT 2015"]
[Source "ChessBase"]
[SourceDate "2014.11.20"]
[SourceVersion "1"]
[SourceVersionDate "2014.11.20"]
[SourceQuality "1"]

1. d4 f5 2. Bg5 g6 3. Nc3 d5 4. h4 Bg7 5. e3 c6 6. Qf3 Qb6 7. 0-0-0 Nd7 8. Nh3 e5 9. Qg3 f4 10. exf4 h6 11. fxe5 hxg5 12. Nxg5 Nf8 13. Bd3 Ne7 14. Qf4 Be6 15. Na4 Qc7 16. Nc5 Bg8 17. Qg4 b6 18. Nb3 Qd7 19. Qe2 Ne6 20. g3 Bh6 21. f4 Nf5 22. Bxf5 gxf5 23. Qe3 Qe7 24. Qd3 Bh7 25. Qa6 Bg6 26. Qa4 Qd7 27. c4 Bh5 28. Rd3 Be2 29. Re3 Bxc4 30. Nxe6 Qxe6 31. Nd2 Bb5 32. Qc2 c5 33. Nf3 Bd7 34. Kb1 Rc8 35. Qd3 c4 36. Qd1 Ke7 37. Ka1 Be8 38. h5 Rg8 39. Nh4 Rg4 40. Qc2 Bd7 41. Qe2 Rcg8 42. Qe1 Be8 43. Qb4+ Kd8 44. Qa3 Bxf4 45. Rf3 Rxg3 46. Qxa7 Rg1+ 47. Rf1 Rxh1 48. Rxh1 Bxh5 49. Qb8+ Kd7 50. Qb7+ Ke8 51. Qb8+ Kf7 52. Qc7+ Qe7 53. e6+ Kf8 54. Qxf4 Qxe6 55. Nxf5 Rg4 56. Qb8+ Kf7 57. Qc7+ Kg8 58. Ne7+ Kg7 59. Nxd5+ Bf7 60. Nxb6 c3 61. Qe5+ Qxe5 62. dxe5 cxb2+ 63. Kxb2 Rb4+ 64. Kc3 Rxb6 65. Rh2 Ra6 66. Rg2+ Kf8 67. Kd4 Rxa2 68. Rxa2 Bxa2 69. e6 Bxe6 1/2-1/2

[Event "Karl Mala Memorial op-A 17th"]
[Site "Frankfurt"]
[Date "2014.08.01"]
[Round "3"]
[White "Diehm, Alexander"]
[Black "Fesselier, Melissa"]
[Result "1-0"]
[WhiteElo "2057"]
[BlackElo "1844"]
[PlyCount "51"]
[EventDate "2014.07.31"]
[EventType "swiss"]
[EventRounds "7"]
[EventCountry "GER"]
[SourceTitle "EXT 2015"]
[Source "ChessBase"]
[SourceDate "2014.11.20"]
[SourceVersion "1"]
[SourceVersionDate "2014.11.20"]
[SourceQuality "1"]

1. d4 Nf6 2. c4 g6 3. Nc3 d5 4. cxd5 Nxd5 5. Bd2 Bg7 6. e4 Nb6 7. Be3 0-0 8. Qd2 Nc6 9. Rd1 Na5 10. b3 Nc6 11. Nge2 a5 12. Bh6 f5 13. Bxg7 Kxg7 14. d5 Nb4 15. a3 Na6 16. h4 h5 17. e5 Nc5 18. e6 Kh7 19. Qg5 Nxb3 20. Nf4 Rf6 21. g4 Qd6 22. gxh5 Qe5+ 23. Nce2 Na1 24. hxg6+ Kg8 25. Bg2 Nc2+ 26. Kf1 1-0

[Event "Wiesbaden op 24th"]
[Site "Wiesbaden"]
[Date "2012.08.24"]
[Round "3"]
[White "Diehm, Alexander"]
[Black "Dehning Busse, Karsten"]
[Result "1-0"]
[WhiteElo "2059"]
[BlackElo "1824"]
[PlyCount "65"]
[EventDate "2012.08.23"]
[EventType "swiss"]
[EventRounds "7"]
[EventCountry "GER"]
[SourceTitle "CBM 150 Extra"]
[Source "ChessBase"]
[SourceDate "2012.10.19"]
[SourceVersion "1"]
[SourceVersionDate "2012.10.19"]
[SourceQuality "1"]

1. d4 d6 2. c4 Nf6 3. Nc3 g6 4. e4 Bg7 5. Bg5 Nbd7 6. Nf3 e5 7. d5 a5 8. a3 b6 9. Bd3 h6 10. Be3 Nc5 11. Bc2 Bg4 12. 0-0 0-0 13. h3 Bxf3 14. Qxf3 Kh7 15. g4 Ng8 16. b4 Nd7 17. Na4 axb4 18. axb4 Qe7 19. Nc3 Ndf6 20. Ba4 Rfb8 21. Bc6 Rxa1 22. Rxa1 Qd8 23. Ra7 Ne7 24. g5 Nxc6 25. dxc6 Nh5 26. Qxf7 Nf4 27. h4 hxg5 28. Rxc7 Qf8 29. Bxf4 gxf4 30. Nd5 Qxf7 31. Rxf7 Kg8 32. c7 Re8 33. Rd7 1-0

[Event "Rhein Main op-A 15th"]
[Site "Bad Homburg"]
[Date "2012.06.10"]
[Round "7"]
[White "De Visser, Leon"]
[Black "Diehm, Alexander"]
[Result "1/2-1/2"]
[WhiteElo "2166"]
[BlackElo "2048"]
[PlyCount "39"]
[EventDate "2012.06.06"]
[EventType "swiss"]
[EventRounds "7"]
[EventCountry "GER"]
[SourceTitle "EXT 2013"]
[Source "ChessBase"]
[SourceDate "2012.11.22"]
[SourceVersion "1"]
[SourceVersionDate "2012.11.22"]
[SourceQuality "1"]

1. e4 c5 2. c3 d5 3. exd5 Qxd5 4. d4 Nf6 5. Nf3 Nc6 6. dxc5 Qxd1+ 7. Kxd1 e5 8. b4 Bf5 9. Bb5 0-0-0+ 10. Ke2 Nd5 11. Bxc6 bxc6 12. Bd2 Nc7 13. Re1 Bd3+ 14. Kd1 f6 15. Na3 Rd7 16. Kc1 g6 17. Kb2 Bg7 18. Kb3 Ne6 19. Nc4 Nxc5+ 20. bxc5 1/2-1/2

[Event "Rhein Main op-A 15th"]
[Site "Bad Homburg"]
[Date "2012.06.06"]
[Round "1"]
[White "Ruell, Michael"]
[Black "Diehm, Alexander"]
[Result "0-1"]
[WhiteElo "1784"]
[BlackElo "2048"]
[PlyCount "46"]
[EventDate "2012.06.06"]
[EventType "swiss"]
[EventRounds "7"]
[EventCountry "GER"]
[SourceTitle "EXT 2013"]
[Source "ChessBase"]
[SourceDate "2012.11.22"]
[SourceVersion "1"]
[SourceVersionDate "2012.11.22"]
[SourceQuality "1"]

1. e4 c5 2. Nf3 Nc6 3. g3 d6 4. Bg2 Nf6 5. d3 Bg4 6. h3 Bd7 7. 0-0 Qc8 8. Kh2 h6 9. Re1 e5 10. a4 Nh7 11. Na3 Ng5 12. Nh4 Bxh3 13. Nf5 Bxg2 14. Kxg2 g6 15. f4 gxf5 16. fxg5 hxg5 17. Bxg5 fxe4 18. Rh1 Rxh1 19. Qxh1 Qg4 20. Qh4 Qxh4 21. gxh4 exd3 22. Bf6 Be7 23. Rf1 Bxf6 0-1

[Event "Rhein Main op 13th"]
[Site "Bad Homburg"]
[Date "2010.06.05"]
[Round "6"]
[White "Diehm, Alexander"]
[Black "Breitwieser, Jasmin"]
[Result "1/2-1/2"]
[WhiteElo "2056"]
[BlackElo "1885"]
[PlyCount "20"]
[EventDate "2010.06.02"]
[EventType "swiss"]
[EventRounds "7"]
[EventCountry "GER"]
[SourceTitle "EXT 2011"]
[Source "ChessBase"]
[SourceDate "2010.11.26"]
[SourceVersion "1"]
[SourceVersionDate "2010.11.26"]
[SourceQuality "1"]

1. d4 d5 2. e4 dxe4 3. Nc3 Nf6 4. f3 exf3 5. Qxf3 c6 6. Bd3 g6 7. Nge2 Bg7 8. 0-0 0-0 9. Bg5 Be6 10. Rad1 Nbd7 1/2-1/2

[Event "Rhein Main op 13th"]
[Site "Bad Homburg"]
[Date "2010.06.03"]
[Round "2"]
[White "Diehm, Alexander"]
[Black "Reefschlaeger, Helmut"]
[Result "0-1"]
[WhiteElo "2056"]
[BlackElo "2302"]
[PlyCount "46"]
[EventDate "2010.06.02"]
[EventType "swiss"]
[EventRounds "7"]
[EventCountry "GER"]
[SourceTitle "EXT 2011"]
[Source "ChessBase"]
[SourceDate "2010.11.26"]
[SourceVersion "1"]
[SourceVersionDate "2010.11.26"]
[SourceQuality "1"]

1. d4 e6 2. c4 d5 3. Nf3 c6 4. Nc3 dxc4 5. e4 b5 6. a3 Bb7 7. Be2 Nf6 8. 0-0 h6 9. Ne5 a6 10. Bh5 g6 11. Nxg6 fxg6 12. Bxg6+ Kd7 13. b3 Rg8 14. Bf7 Rg7 15. d5 cxd5 16. exd5 Nxd5 17. bxc4 bxc4 18. Rb1 Bc6 19. Bxe6+ Kxe6 20. Re1+ Kf7 21. Qh5+ Kg8 22. Bxh6 Rxg2+ 23. Kf1 Nxc3 0-1

[Event "Rhein Main op 13th"]
[Site "Bad Homburg"]
[Date "2010.06.03"]
[Round "3"]
[White "Powalla, Klaus"]
[Black "Diehm, Alexander"]
[Result "1/2-1/2"]
[WhiteElo "1915"]
[BlackElo "2056"]
[PlyCount "79"]
[EventDate "2010.06.02"]
[EventType "swiss"]
[EventRounds "7"]
[EventCountry "GER"]
[SourceTitle "EXT 2011"]
[Source "ChessBase"]
[SourceDate "2010.11.26"]
[SourceVersion "1"]
[SourceVersionDate "2010.11.26"]
[SourceQuality "1"]

1. b3 e6 2. Bb2 b6 3. e3 Bb7 4. Nf3 f5 5. Na3 Nf6 6. Be2 Be7 7. d3 Nc6 8. Nc4 d6 9. Qd2 0-0 10. 0-0 Qe8 11. Ng5 Qg6 12. Nxe6 Nd4 13. Nf4 Nxe2+ 14. Qxe2 Qh6 15. f3 Nd7 16. Rae1 Rae8 17. Bc1 d5 18. Nb2 Bb4 19. Bd2 Ba3 20. Nd1 Bd6 21. Qf2 g5 22. Nh3 Bc8 23. Kh1 Ne5 24. f4 Ng4 25. Qg3 gxf4 26. exf4 Bd7 27. Rxe8 Rxe8 28. Re1 Rxe1+ 29. Qxe1 d4 30. Qg3 Qe6 31. Ng1 Kf8 32. h3 Nf6 33. Qf2 c5 34. Nf3 Nd5 35. Ng5 Qg6 36. Qh4 Kg7 37. Nf3 Bc6 38. Kh2 Qe6 39. Ng5 Qg6 40. Nf3 1/2-1/2

[Event "Rhein Main op 12th"]
[Site "Bad Homburg"]
[Date "2009.06.14"]
[Round "7"]
[White "Diehm, Alexander"]
[Black "Wagner, Stefan"]
[Result "1-0"]
[WhiteElo "2067"]
[BlackElo "2153"]
[PlyCount "101"]
[EventDate "2009.06.10"]
[EventType "swiss"]
[EventRounds "7"]
[EventCountry "GER"]
[SourceTitle "CBM 131 Extra"]
[Source "ChessBase"]
[SourceDate "2009.09.03"]
[SourceVersion "2"]
[SourceVersionDate "2009.09.16"]
[SourceQuality "1"]

1. d4 Nf6 2. c4 g6 3. Nc3 Bg7 4. e4 d6 5. Bg5 0-0 6. Nf3 h6 7. Bf4 Nh5 8. Be3 e5 9. dxe5 dxe5 10. Qb3 c6 11. Nd2 Na6 12. c5 Qe7 13. Na4 Nf6 14. f3 Rd8 15. Qc3 Be6 16. Bxa6 bxa6 17. 0-0 Rab8 18. Nc4 Bxc4 19. Qxc4 Qb7 20. Rad1 Qb5 21. Qc2 Qa5 22. b3 Ne8 23. Bd2 Qc7 24. Nb2 Bf8 25. Be3 Rxd1 26. Rxd1 Rd8 27. Rxd8 Qxd8 28. Nd3 Bg7 29. Nb4 Qa5 30. Qc4 Nc7 31. a4 Bf8 32. Kf1 Ne6 33. Nxa6 Qd8 34. Ke2 Nf4+ 35. Bxf4 exf4 36. b4 Qf6 37. Qc2 Qd4 38. b5 cxb5 39. axb5 Qg1 40. Kd3 Qf1+ 41. Qe2 Qb1+ 42. Kc4 Qc1+ 43. Kd5 Qa1 44. e5 Qa5 45. Kc6 Qd8 46. Kb7 Qd7+ 47. Kb8 Qd5 48. c6 Qd4 49. c7 Qb6+ 50. Ka8 Qe6 51. Kxa7 1-0

[Event "Rhein Main op 12th"]
[Site "Bad Homburg"]
[Date "2009.06.13"]
[Round "5"]
[White "Diehm, Alexander"]
[Black "Will, Dominik"]
[Result "1-0"]
[WhiteElo "2067"]
[BlackElo "1931"]
[PlyCount "51"]
[EventDate "2009.06.10"]
[EventType "swiss"]
[EventRounds "7"]
[EventCountry "GER"]
[SourceTitle "CBM 131 Extra"]
[Source "ChessBase"]
[SourceDate "2009.09.03"]
[SourceVersion "2"]
[SourceVersionDate "2009.09.16"]
[SourceQuality "1"]

1. d4 Nf6 2. c4 g6 3. Nc3 Bg7 4. e4 d6 5. Bg5 0-0 6. Nf3 Na6 7. Be2 Qe8 8. 0-0 e5 9. d5 Nc5 10. Nd2 a5 11. Nb5 Na6 12. Rc1 Nd7 13. Bg4 Ndc5 14. Rc3 f5 15. exf5 Bxf5 16. Bxf5 Rxf5 17. Be3 Qe7 18. Ra3 c6 19. Nc3 Qc7 20. dxc6 bxc6 21. Nde4 Nxe4 22. Nxe4 Bf8 23. Rd3 Nb4 24. Rd2 d5 25. cxd5 Nxd5 26. Rxd5 1-0

[Event "Rhein Main op 12th"]
[Site "Bad Homburg"]
[Date "2009.06.13"]
[Round "6"]
[White "Hess, Christian1"]
[Black "Diehm, Alexander"]
[Result "1-0"]
[WhiteElo "2262"]
[BlackElo "2067"]
[PlyCount "27"]
[EventDate "2009.06.10"]
[EventType "swiss"]
[EventRounds "7"]
[EventCountry "GER"]
[SourceTitle "CBM 131 Extra"]
[Source "ChessBase"]
[SourceDate "2009.09.03"]
[SourceVersion "2"]
[SourceVersionDate "2009.09.16"]
[SourceQuality "1"]

1. Nf3 f5 2. d3 e6 3. e4 fxe4 4. dxe4 Qf6 5. e5 Qg6 6. Ng5 Qf5 7. f4 Bb4+ 8. c3 Bc5 9. Bd3 Qf8 10. Qh5+ g6 11. Bxg6+ Ke7 12. Nxh7 Qh6 13. Qxh6 Nxh6 14. f5 1-0

[Event "Rhein Main op 11th"]
[Site "Bad Homburg"]
[Date "2008.05.24"]
[Round "5"]
[White "Voropaev, Gleb"]
[Black "Diehm, Alexander"]
[Result "1-0"]
[WhiteElo "2287"]
[BlackElo "2073"]
[PlyCount "85"]
[EventDate "2008.05.21"]
[EventType "swiss"]
[EventRounds "7"]
[EventCountry "GER"]
[SourceTitle "CBM 124 Extra"]
[Source "ChessBase"]
[SourceDate "2008.07.03"]
[SourceVersion "1"]
[SourceVersionDate "2008.07.03"]
[SourceQuality "1"]

1. e4 c5 2. Nf3 Nc6 3. Bb5 Nd4 4. Nxd4 cxd4 5. 0-0 e6 6. d3 a6 7. Ba4 b5 8. Bb3 Bb7 9. Nd2 Rc8 10. f4 Ne7 11. f5 Rc5 12. Nf3 exf5 13. Nxd4 d5 14. exf5 Nc6 15. Re1+ Be7 16. Nxc6 Rxc6 17. Qe2 Rc7 18. Bf4 Rd7 19. d4 0-0 20. Be5 Qb6 21. Rad1 Qh6 22. Qf3 Qc6 23. Re2 a5 24. a3 b4 25. axb4 axb4 26. Rde1 Ba6 27. Re3 Bg5 28. Bf4 Bf6 29. c3 bxc3 30. bxc3 Qb5 31. Ba2 Qa5 32. Bb3 Qb5 33. Bd1 Qa5 34. Qg3 Qd8 35. Be5 Bg5 36. Kh1 f6 37. Bf4 Bxf4 38. Qxf4 Qc7 39. Qf3 Bc4 40. Ba4 Rdf7 41. Be8 g5 42. fxg6 Rg7 43. Bf7+ 1-0

[Event "Rhein Main op 11th"]
[Site "Bad Homburg"]
[Date "2008.05.22"]
[Round "3"]
[White "Habiger, Gerhard"]
[Black "Diehm, Alexander"]
[Result "0-1"]
[WhiteElo "1842"]
[BlackElo "2073"]
[PlyCount "54"]
[EventDate "2008.05.21"]
[EventType "swiss"]
[EventRounds "7"]
[EventCountry "GER"]
[SourceTitle "CBM 124 Extra"]
[Source "ChessBase"]
[SourceDate "2008.07.03"]
[SourceVersion "1"]
[SourceVersionDate "2008.07.03"]
[SourceQuality "1"]

1. d4 f5 2. c4 Nf6 3. Nf3 b6 4. Nc3 Bb7 5. Bf4 e6 6. h3 Bb4 7. Rc1 0-0 8. e3 d6 9. Be2 Ne4 10. 0-0 Bxc3 11. bxc3 Nd7 12. Bd3 Qe8 13. Qc2 Rf6 14. Ne1 e5 15. Bh2 Qg6 16. f4 Qh6 17. Nf3 Rg6 18. Kh1 exd4 19. cxd4 Re8 20. Qa4 Ndf6 21. Bxe4 Bxe4 22. Qxa7 Ra8 23. Qxc7 Rxa2 24. Qc8+ Kf7 25. Ng5+ Rxg5 26. fxg5 Qxg5 27. Qc7+ Kg6 0-1